[Event "IECG C3.2000.0.00149"]
[Site "IECG email"]
[Date "2000.07.24"]
[Round "?"]
[White "Benson, Terry"]
[Black "Boettcher, Fred"]
[Result "1/2-1/2"]
[WhiteElo "1320"]
[BlackElo "1209"]
[PlyCount "95"]
[EventDate "2000.07.24"]
[EventType "tourn (corr)"]
[EventRounds "6"]
[SourceTitle "Corr 2008"]
[Source "ChessBase"]
[SourceDate "2008.06.24"]
[SourceVersion "1"]
[SourceVersionDate "2008.06.24"]
[SourceQuality "1"]

1. e4 c6 2. Nf3 d5 3. exd5 cxd5 4. d4 Nf6 5. Be2 Nc6 6. 0-0 Bf5 7. Nc3 e6 8. Nh4 Be4 9. f3 Bg6 10. Nxg6 hxg6 11. Be3 Bd6 12. f4 a6 13. a3 Ne7 14. h3 Nf5 15. Qd2 Ng3 16. Rfe1 Qc7 17. Bf3 Nf5 18. Ne2 Nh4 19. Rf1 Nxf3+ 20. Rxf3 Ne4 21. Qd3 Rc8 22. Rc1 b5 23. Bd2 Be7 24. Ng3 Nf6 25. Bb4 Bd8 26. Qd2 Qb6 27. Re1 Bc7 28. Ree3 Qb8 29. Qe1 Kd7 30. Qf2 Nh5 31. f5 gxf5 32. Rxf5 Nf6 33. Rxf6 gxf6 34. Qxf6 Rcf8 35. Bxf8 Qxf8 36. Rf3 Rh7 37. Ne2 Bd8 38. Qg6 Rg7 39. Qd3 Bc7 40. Kf1 Qh8 41. a4 Qb8 42. axb5 axb5 43. Nc3 b4 44. Na4 Ke7 45. Nc5 Bd6 46. Qa6 Bxc5 47. dxc5 Qh2 48. Qb7+ 1/2-1/2

[Event "IECG C3.2000.0.00149"]
[Site "IECG email"]
[Date "2000.07.24"]
[Round "?"]
[White "Benson, Terry"]
[Black "Mujica, Hector"]
[Result "1/2-1/2"]
[WhiteElo "1320"]
[BlackElo "1255"]
[PlyCount "64"]
[EventDate "2000.07.24"]
[EventType "tourn (corr)"]
[EventRounds "6"]
[SourceTitle "Corr 2008"]
[Source "ChessBase"]
[SourceDate "2008.06.24"]
[SourceVersion "1"]
[SourceVersionDate "2008.06.24"]
[SourceQuality "1"]

1. d4 d5 2. c4 c6 3. Nc3 Nf6 4. cxd5 Nxd5 5. e4 Nxc3 6. bxc3 e5 7. Nf3 exd4 8. cxd4 Be7 9. Bc4 0-0 10. 0-0 Bg4 11. Be3 Nd7 12. h3 Bh5 13. Rb1 Qc7 14. Qe2 Nb6 15. Bd3 h6 16. g4 Bg6 17. Ne5 Bh7 18. f4 Ba3 19. g5 hxg5 20. fxg5 f6 21. gxf6 gxf6 22. Ng4 Qg3+ 23. Qg2 Qxg2+ 24. Kxg2 Be7 25. a4 Rab8 26. Rf3 Nxa4 27. Bf4 Nc3 28. Bxb8 Nxb1 29. Bxa7 Nd2 30. Re3 Kg7 31. Bb6 Ra8 32. Nf2 Ra2 1/2-1/2